000 01003nam0a22002651 4500
001 rc\3913571
005 20130415105809.8
021 _aRU
_b[49-9878]
035 _a(NLR Aleph) 007910805
090 _a8096413
_c8096413
100 _a20130415d1949 |||y0rusy50 ca
101 0 _arus
102 _aRU
105 _ay c |||||
200 1 _aВосстание Спартака
_eМетод. указания и материалы к курсовой работе для студентов-заочников
_fВоронеж. гос. ун-т. Заоч. отд-ние
210 _aВоронеж
_cБ. и.
_d1949
_gТип. изд-ва "Вперед"
215 _a24 с.
_d20
300 _aПеред загл. авт.: доц. С.Н. Бенклиев
320 _aБиблиогр.: с. 23 (21 назв.)
700 1 _aБенклиев
_bС. Н.
_gСергей Несторович
801 0 _aRU
_bNLR
_gpsbo
801 1 _aRU
_bELAR
_2rusmarc
852 _aNLR
_jИ20 Г-4/29
942 _cBOOK
980 _aNB